000 00741 a2200193 4500
010 _aENG-90054
020 _c395.00
_a0195689593
035 _aEN-73587
037 _bDBAD / PUB
082 1 4 _a333.73
090 _c12220
_d12220
245 1 _aIndia:
_bland policies for growth and poverty reduction/
_cAgriculture and rural development sector unit South Asia region
260 _aNew Delhi
_bOxford University Press
_c2007
270 _aYMCA Library Building, Jai Singh Road
_bNew Delhi
_cDelhi
_e110001
300 _axxvi, 119p.
_c28 cm (Pbk.)
500 _aIncludes bibliographical references
942 _adpl
_cEN
_k333.73 / IND
999 _c11866
_d11866